| 000 | 00377nam a2200145Ia 4500 | ||
|---|---|---|---|
| 008 | 230917s9999||||xx |||||||||||||| ||und|| | ||
| 040 |
_e136118 _aMAIN |
||
| 041 | _aEnglish | ||
| 082 | _a519.5 P974N | ||
| 100 | _aPuri, Madan Lal | ||
| 245 | 0 | _aNonparametric methods in multivariate analysis | |
| 260 |
_aNew York _bJohn Wiley _c1971 |
||
| 300 | _axi, 440p. p. | ||
| 942 | _cBK | ||
| 999 |
_c209019 _d209019 |
||